000 00253nam a2200109Ia 4500
005 20251222143231.0
008 251222s9999||||xx |||||||||||||| ||spa||
082 _a362.298.5/C76/2007
245 0 _aII Estudio Nacional:
264 _bDevida
942 _cLIB
999 _c14194
_d14194